| 000 | 00000nam 2200000za 4500 |
| 001 | 9.855884 |
| 003 | CaOODSP |
| 005 | 20241203113642 |
| 007 | cr ||||||||||| |
| 008 | 180426s1987 abc #ot f|0| 0 eng d |
| 020 | |z0-662-15538-6 |
| 040 | |aCaOODSP|beng |
| 041 | |aeng|bfre |
| 043 | |an-cn-nt |
| 086 | 1 |aCW69-5/26E-PDF |
| 100 | 1 |aMcCormick, Kevin J. |
| 245 | 12|aA survey of trumpeter swans and their habitat in sourthern MacKenzie District, Northwest Territories |h[electronic resource] : |b1986 / |cKevin J. McCormick ; Len J. Shandruk. |
| 260 | |aEdmonton, Alberta : |bWestern and Northern Region, Canadian Wildlife Service, Environment Canada, |c1987. |
| 300 | |av, 44 p. : |bfigures. |
| 490 | 1 |aTechnical report series ; |vno. 26 |
| 500 | |aDigitized edition from print [produced by Environment and Climate Change Canada]. |
| 504 | |aIncludes bibliographic references. |
| 520 | 3 |a"Trumpeter swans (Cygnus buccinator) were surveyed and captured in the southern Mackenzie District, NWT from 27 July to 2 August 1986. The purpose of this study was to determine the distribution and abundance of swans in this region"--Abstract, p. i. |
| 546 | |aIncludes abstract in French. |
| 692 | 07|2gccst|aMigratory birds |
| 700 | 1 |aShandruk, Len J. |
| 710 | 1 |aCanada. |bEnvironment Canada. |
| 710 | 2 |aCanadian Wildlife Service. |
| 830 | #0|aTechnical report series (Canadian Wildlife Service)|vno. 26|w(CaOODSP)9.504438 |
| 856 | 40|qPDF|s17.86 MB|uhttps://publications.gc.ca/collections/collection_2018/eccc/cw69-5/CW69-5-26-eng.pdf |
| 986 | |aCW69-5/26E |